00847nam a2200229 a 4500008004100000020001500041041000800056100003700064245007500101250001100176260006300187300001500250500017800265653002100443653003100464653001900495653002900514653001600543653001300559700002200572700002300594150921e1986 ag ||||f |||| 00| 0 spa d a9509428035 aspa1 aMartínez Martínez, José A. aInsuficiencia aórtica aguda grave /cJosé A. Martínez Martínez a1a ed. aBuenos Aires:bEditorial Cientifica Interamericana;c1986. a141 p.bil aMartínez Martínez., J. A., Suárez, L. D. y Perosio, A. M. (1986). Insuficiencia aórtica aguda grave. (1a ed.). Buenos Aires : Editorial Científica Interamericana.  aHistoria aortica aEtiologia y fisiopatologia aCuadro clinico aTecnicas complementarias aTratamiento aAnatomia1 aSuárez, Luis D.1 aPerosio, Albino M.